Actors' Real First Names - Statistics

General Stats
  • This quiz has been taken 28 times
  • The average score is 5 of 20
Answer Stats
Hint Answer % Correct
Kit Harington Christopher
61%
Emma Stone Emily
54%
Jude Law David
43%
Tina Fey Elizabeth
43%
Brad Pitt William
39%
Elle Fanning Mary
29%
Jack Black Thomas
29%
Chevy Chase Cornelius
25%
Kevin Jonas Paul
25%
Meghan Markle Rachel
25%
Jason Sudeikis Daniel
18%
Miley Cyrus Destiny
18%
Reese Witherspoon Laura
18%
Dakota Fanning Hannah
14%
Jason Momoa Joseph
14%
Bette Davis Ruth
11%
Keke Palmer Lauren
7%
Lucy Hale Karen
4%
Camila Cabello Karla
4%
Olivia Colman Susan
4%
No matching quizzes found
Score Distribution
Percent of People with Each Score
Percentile by Number Answered
Your Score History
You have not taken this quiz